000 00533nam a2200181Ia 4500
005 20250326141510.0
008 250326s9999 xx 000 0 und d
037 _aTextbook
040 _aFMSL
_beng
_cFMSL
041 _aeng
_2eng
084 _aX:8ogB2893 M5
_qFMSL
100 _aFinlay Paul N
_9744581
245 0 _aMathematical modelling in business decision making
_cFinlay Paul N
260 _aLondon
_bLondon, Croom Helm
_c1985
300 _a302p
942 _cTB
_hX:8ogB2893 M5
999 _c1290588
_d1290588